00668nam a22001937a 450000500170000001000130001702000260003003500130005603700140006908200110008310000280009424500780012226000360020027000520023630000150028894200250030399900170032895201290034520120719111035.0 aG-002034 a9780141035482c399.00 aG-002034 adplbGift a332.09 aFerguson, Niall.950391 aThe Ascent of Money;ba Financial History of the worldcby Niall Ferguson aNew DelhibPenguin Groupsc2009 a11 Community Centre, Panchseel Park,bNew Delhi a441pc22cm 2ddccBNmFERh332.09 c68467d68467 001040708NFICaVPbVPd2012-07-19eGiftg399.00l12m1oFERpG-002034r2022-11-19 00:00:00s2022-11-05t1w2012-07-19yEN